[Event "Bayernliga U20 1718"]
[Site "Bayern"]
[Date "2018.01.27"]
[Round "5.3"]
[White "Costa, Leonardo"]
[Black "Gabler, Eric"]
[Result "0-1"]
[WhiteElo "1811"]
[BlackElo "2071"]
[PlyCount "46"]
[EventDate "2017.11.18"]
[EventType "team-tourn"]
[EventRounds "7"]
[EventCountry "GER"]
[SourceTitle "EXT 2022"]
[Source "ChessBase"]
[SourceDate "2021.10.06"]
[SourceVersion "1"]
[SourceVersionDate "2021.10.06"]
[SourceQuality "1"]
[WhiteTeam "Muenchen Suedost U20"]
[BlackTeam "Regensburg Bavaria U20"]
[WhiteTeamCountry "GER"]
[BlackTeamCountry "GER"]

1. e4 c5 2. Nf3 Nc6 3. d4 cxd4 4. Nxd4 Nf6 5. Nc3 e5 6. Ndb5 d6 7. Bg5 a6 8. Na3 b5 9. Bxf6 gxf6 10. Nd5 f5 11. exf5 Bxf5 12. Qf3 Nd4 13. Nc7+ Qxc7 14. Qxa8+ Ke7 15. c3 Qb6 16. cxd4 Bh6 17. Qf3 Qa5+ 18. Qc3 b4 19. Qf3 bxa3+ 20. Qc3 axb2 21. Qxa5 bxa1Q+ 22. Ke2 Qb2+ 23. Kf3 e4+ 0-1

[Event "Regionalliga NO 1617"]
[Site "Bayern"]
[Date "2017.01.15"]
[Round "4.5"]
[White "Zoll, Erich"]
[Black "Gabler, Eric"]
[Result "0-1"]
[WhiteElo "1816"]
[BlackElo "2030"]
[PlyCount "103"]
[EventDate "2016.10.16"]
[EventType "team-tourn"]
[EventRounds "9"]
[EventCountry "GER"]
[SourceTitle "EXT 2019"]
[Source "ChessBase"]
[SourceDate "2018.10.10"]
[SourceVersion "1"]
[SourceVersionDate "2018.10.10"]
[SourceQuality "1"]
[WhiteTeam "Regensburg Turnerschaft"]
[BlackTeam "Regensburg Bavaria"]
[WhiteTeamCountry "GER"]
[BlackTeamCountry "GER"]

1. e4 c5 2. Nf3 Nc6 3. c3 d5 4. e5 Bg4 5. Bb5 e6 6. Qa4 Bxf3 7. Bxc6+ Ke7 8. gxf3 bxc6 9. Qxc6 Rc8 10. Qa4 Qc7 11. f4 f6 12. d4 cxd4 13. Qxd4 Kf7 14. Be3 Bc5 15. Qxc5 Qxc5 16. Bxc5 Rxc5 17. Nd2 Ne7 18. Nb3 Rc4 19. Nd4 Rb8 20. exf6 gxf6 21. Nb3 Re4+ 22. Kd2 Rxf4 23. Raf1 Ra4 24. Ra1 Rf4 25. Raf1 Rg8 26. Ke2 Re4+ 27. Kd2 Nc6 28. Rfg1 Rxg1 29. Rxg1 Ne5 30. Nd4 Rxd4+ 31. cxd4 Nf3+ 32. Ke3 Nxg1 33. b4 Ke7 34. a4 Kd6 35. f4 Nh3 36. Kf3 Nxf4 37. Kxf4 e5+ 38. Ke3 exd4+ 39. Kxd4 f5 40. b5 f4 41. a5 f3 42. Ke3 Kc5 43. b6 axb6 44. a6 Kc6 45. Kxf3 b5 46. Ke3 Kb6 47. a7 Kxa7 48. Kd4 b4 49. h4 h5 50. Kxd5 b3 51. Ke4 b2 52. Kf4 0-1

[Event "GER-ch U18"]
[Site "Willingen"]
[Date "2016.05.21"]
[Round "9"]
[White "Glagau, Lars"]
[Black "Gabler, Eric"]
[Result "0-1"]
[WhiteElo "1447"]
[BlackElo "1992"]
[PlyCount "60"]
[EventDate "2016.05.15"]
[EventType "swiss"]
[EventRounds "9"]
[EventCountry "GER"]
[SourceTitle "CBM 172 Extra"]
[Source "ChessBase"]
[SourceDate "2016.06.21"]
[SourceVersion "1"]
[SourceVersionDate "2016.06.21"]
[SourceQuality "1"]

1. d4 Nf6 2. Nf3 d5 3. c4 c6 4. cxd5 cxd5 5. Nc3 Nc6 6. Bf4 e6 7. e3 Nh5 8. Bg3 Nxg3 9. hxg3 Be7 10. a3 Bd7 11. Bd3 h6 12. 0-0 f5 13. Bb5 h5 14. Bxc6 Bxc6 15. Ne5 g5 16. Ng6 Rh6 17. Nxe7 Qxe7 18. Re1 Kf7 19. Kf1 h4 20. gxh4 Rxh4 21. Ke2 Rah8 22. Kd3 e5 23. dxe5 Qxe5 24. Kc2 Rc8 25. Kb3 d4 26. exd4 Qxd4 27. Qxd4 Rxd4 28. g3 Rd2 29. Re2 Bd5+ 30. Nxd5 Rxd5 0-1

[Event "GER-ch U18"]
[Site "Willingen"]
[Date "2016.05.17"]
[Round "5"]
[White "Pfreundt, Jakob"]
[Black "Gabler, Eric"]
[Result "1-0"]
[WhiteElo "2248"]
[BlackElo "1992"]
[PlyCount "143"]
[EventDate "2016.05.15"]
[EventType "swiss"]
[EventRounds "9"]
[EventCountry "GER"]
[SourceTitle "CBM 172 Extra"]
[Source "ChessBase"]
[SourceDate "2016.06.21"]
[SourceVersion "1"]
[SourceVersionDate "2016.06.21"]
[SourceQuality "1"]

1. e4 c5 2. Nf3 Nc6 3. d4 cxd4 4. Nxd4 Nf6 5. Nc3 e5 6. Ndb5 d6 7. Bg5 a6 8. Na3 b5 9. Nd5 Be7 10. Bxf6 Bxf6 11. c4 b4 12. Nc2 a5 13. g3 Bg5 14. Bg2 Be6 15. 0-0 Rc8 16. Qd3 Ne7 17. Nde3 Qb6 18. b3 Bxe3 19. Nxe3 0-0 20. Rad1 Rcd8 21. Nf5 Nc8 22. Kh1 g6 23. Ne3 Ne7 24. f4 exf4 25. gxf4 f5 26. Nd5 Bxd5 27. exd5 Nc8 28. Rde1 Rf7 29. Re6 Qc7 30. Rfe1 Rdf8 31. Qd4 Nb6 32. c5 dxc5 33. Qe5 Qxe5 34. fxe5 Nd7 35. Rc6 Re7 36. e6 Rfe8 37. d6 Rxe6 38. Bd5 Kf7 39. Rc7 Kf6 40. Rxe6+ Rxe6 41. Rxd7 Re1+ 42. Kg2 Rd1 43. Bg8 h6 44. Rf7+ Ke6 45. Ra7+ Kxd6 46. Rxa5 g5 47. Bh7 f4 48. Ra6+ Ke5 49. Rxh6 Rd2+ 50. Kf3 Rxa2 51. Bg8 Rc2 52. Bc4 Kd4 53. Rd6+ Kc3 54. h3 Kb2 55. Rd5 Rc3+ 56. Ke2 Re3+ 57. Kf2 Rxh3 58. Rxg5 Rh7 59. Rxc5 Re7 60. Kf3 Kc3 61. Kxf4 Re1 62. Bg8+ Kb2 63. Bd5 Re7 64. Rc4 Ka3 65. Re4 Rd7 66. Ke5 Rc7 67. Kd4 Rc1 68. Be6 Rc2 69. Bc4 Rd2+ 70. Kc5 Rd8 71. Re6 Ra8 72. Kb5 1-0

[Event "Regionalliga SO 1516"]
[Site "Bayern"]
[Date "2016.01.31"]
[Round "6.1"]
[White "Poetsch, Klaus"]
[Black "Gabler, Eric"]
[Result "1-0"]
[WhiteElo "2123"]
[BlackElo "2022"]
[PlyCount "59"]
[EventDate "2015.10.11"]
[EventType "team-tourn"]
[EventRounds "9"]
[EventCountry "GER"]
[SourceTitle "EXT 2018"]
[Source "ChessBase"]
[SourceDate "2017.10.13"]
[SourceVersion "1"]
[SourceVersionDate "2017.10.13"]
[SourceQuality "1"]
[WhiteTeam "Waldkraiburg"]
[BlackTeam "Geiselhoering"]
[WhiteTeamCountry "GER"]
[BlackTeamCountry "GER"]

1. d4 d5 2. c4 c6 3. Nc3 e6 4. e3 Nf6 5. Nf3 Nbd7 6. b3 Bd6 7. Be2 0-0 8. 0-0 b6 9. Bb2 Bb7 10. Bd3 Re8 11. Qc2 Rc8 12. e4 e5 13. exd5 cxd5 14. Nb5 Bb8 15. Nxe5 a6 16. Nxd7 Qxd7 17. Bf5 Qe7 18. Ba3 Qd8 19. Bxc8 Bxc8 20. Nc3 Bxh2+ 21. Kxh2 Ng4+ 22. Kg3 Qg5 23. f4 Qh5 24. Nxd5 Bf5 25. Rae1 Ne3 26. Qf2 Qg4+ 27. Kh2 Nxf1+ 28. Rxf1 Re6 29. Ne7+ Kh8 30. Qf3 1-0

[Event "Regionalliga SO 1516"]
[Site "Bayern"]
[Date "2015.12.13"]
[Round "4.1"]
[White "Sailer, Wolfgang"]
[Black "Gabler, Eric"]
[Result "1/2-1/2"]
[WhiteElo "2074"]
[BlackElo "2022"]
[PlyCount "27"]
[EventDate "2015.10.11"]
[EventType "team-tourn"]
[EventRounds "9"]
[EventCountry "GER"]
[SourceTitle "EXT 2018"]
[Source "ChessBase"]
[SourceDate "2017.10.13"]
[SourceVersion "1"]
[SourceVersionDate "2017.10.13"]
[SourceQuality "1"]
[WhiteTeam "Ingolstadt"]
[BlackTeam "Geiselhoering"]
[WhiteTeamCountry "GER"]
[BlackTeamCountry "GER"]

1. e4 e5 2. Nc3 Nc6 3. f4 exf4 4. Nf3 Nge7 5. Bc4 Ng6 6. d4 Be7 7. 0-0 d6 8. Ne2 f5 9. exf5 Bxf5 10. Nxf4 Nxf4 11. Bxf4 d5 12. Bd3 0-0 13. Bxf5 Rxf5 14. Ne5 1/2-1/2

[Event "Niederbayernliga 1314"]
[Site "Bayern"]
[Date "2014.??.??"]
[Round "8"]
[White "Schwarz, Hannes"]
[Black "Gabler, Eric"]
[Result "0-1"]
[WhiteElo "1431"]
[BlackElo "1752"]
[PlyCount "51"]
[EventDate "2013.10.13"]
[EventType "team-tourn"]
[EventRounds "9"]
[EventCountry "GER"]
[SourceTitle "EXT 2023"]
[Source "ChessBase"]
[SourceDate "2022.10.05"]
[SourceVersion "1"]
[SourceVersionDate "2022.10.05"]
[SourceQuality "1"]
[WhiteTeam "Bayerwald Regen/Zwiesel"]
[BlackTeam "Geiselhoering"]
[WhiteTeamCountry "GER"]
[BlackTeamCountry "GER"]

1. c4 e6 2. d4 d5 3. e3 Nf6 4. Nc3 Be7 5. Nf3 0-0 6. Bd3 c5 7. 0-0 Nc6 8. dxc5 Bxc5 9. a3 b6 10. b4 dxc4 11. Bxc4 Be7 12. Bb2 Bb7 13. Qc2 Rc8 14. Rfd1 Qc7 15. Nb5 Nxb4 16. axb4 Qxc4 17. Qxc4 Rxc4 18. Nfd4 a6 19. Na3 Rxb4 20. Bc3 Ra4 21. Nac2 Rc4 22. Bb2 g6 23. Na3 Rb4 24. Bc3 Ra4 25. Nac2 Rc4 26. Bb2 0-1